000
00306nam a22001337a 4500
008
170215b xxu||||| |||| 00| 0 eng d
020
_a
0826168329
041
_a
eng
080
_a
61
100
_a
4
101
_a
SHM
245
_a
TOTAL QUALITY MANAGEMENT IN GERIATRIC CARE
_c
MILLER, D.K
942
_2
udc
_c
BK
999
_c
5541
_d
5541